000 00426cam a2200181ua 4500
020 _c3.00
041 _aeng
_h
082 _a954
_bSRE/IN
100 _aSreedhara, Menon .
245 _aIndian History, Pre-Degree /
_cSreedhara menon.
_hTextual Documents
250 _arev /
_b.
260 _a :
_bS.Viswanathan ,
_c1962.
300 _a179 ; .
365 _a3.00
504 _a
942 _cBK
999 _c771
_d771